000 00398nam a22001697a 4500
003 MPLRDC
005 20220104114500.0
008 210129b ||||| |||| 00| 0 eng d
082 _a857.455 SL
100 _a石梁标点
245 _a杨家将传
_c
250 _a一版二刷
260 _a
_b湖南人民出版社
_c1981
300 _b
650 _a历史小说
942 _cBK
_o857.455 SL
999 _c7813
_d7803